000 00582nas a2200205 4500
001 BR9603385
003 BR-BrBNA
005 20231205094828.0
007 ta
008 230509b bl.|||p| |||| 00| 00por d
040 _aBR-BrBNA
_bpor
_cBiblioteca Nacional de Agricultura
041 _a(Pt)
072 _aE11
100 1 _aCastro, P.R. de
245 1 _aReforma agraria pacificadora
650 _aReforma Agraria
773 0 _tAgroanalysis (Brazil)
_xISSN 0100-4298
_g(Mar 1996), v. 16(3) p. 12-13
_wBR9603385
909 _a202311
_bLúcia
_c55
_dLúcia Elande
942 _2AGRIS
_n0
_cANA
999 _c147138
_d147138